000 00443nam a2200181Ia 4500
001 7415
005 20260306160453.0
008 260306t2008||||xx |||||||||||||| ||spa||
041 _aESP
082 _a338.98
_bS55 2008
100 _aSilva Ruete, Javier
_eAUT
245 0 _aPolítica económica para países emergentes
260 _c2008
300 _a413 páginas :
_c24cm.
650 _aGEN
654 _aCAN
942 _cLIB
_dJUS
_fJUS
_2ddc
_n
999 _c7415
_d7415